00776nas a2200277 4500001001300000003000900013005001700022007000300039008003400042040005400076041000900130072001300139100001700152100001800169100001800187100001900205100001800224245006100242650001700303650000900320650001200329650001900341650001600360650001500376773010700391BR2012002374BR-BrBNA20231205120405.0ta230509b bl.|||p| |||| 00| 00por d aBR-BrBNAbporcBiblioteca Nacional de Agricultura a(En) aF03; H601 aDias, M.A.N.1 aPinto, T.L.F.1 aMondo, V.H.V.1 aCícero, S.M.1 aPedrini, L.G.1 aDirect effects of soybean seed vigor on weed competition aERVA DANINHA aSOJA aSEMENTE aTESTE DE VIGOR aCRESCIMENTO aRENDIMENTO0 tRevista Brasileira de Sementes (Brazil)xISSN 0101-3122g(Jun 2011), v. 33(2) p. 346-351wBR2012002374